El lenguaje del niño desarrollo normal, evaluación y trastornos (Registro nro. 91672)

Detalles MARC
000 -ENCABEZADO
Número de control [NR] 00923nam a22002657a 4500
008 - DE LONGITUD FIJA DE DATOS DE ELEMENTOS - INFORMACIÓN GENERAL
Elementos de longitud fija [NR] 130821s2001 sp a gr spa
020 ## - NUMERO INTERNACIONAL NORMALIZADO PARA LIBROS [R]
Número Internacional Normalizado del libro [NR] 8445811290
040 ## - FUENTE DE CATALOGACION [NR]
Agencia de catalogación original [NR] Co-BoUCM
Idioma de catalogación [NR] spa
041 00 - CODIGO DE IDIOMA [R]
Código de idioma para texto/pista de sonido o título separado [R] Español
060 ## - SIGNATURA TOPOGRAFICA DE LA BIBLIOTECA NACIONAL DE MEDICINA (NLM) [R]
Número clasificador [R] WL 340.2
100 1# - ASIENTO PRINCIPAL--NOMBRE PERSONAL [NR]
Nombre personal [NR] Narbona, Juan
ID Autoridad 48707
245 13 - MENCION DE TITULO [NR]
Título [NR] El lenguaje del niño desarrollo normal, evaluación y trastornos
Mención de responsabilidad, etc. [NR] Juan Narbona, Claude Chevrie - Muller
250 ## - MENCION DE EDICION [NR]
Mención de edición [NR] 2a. Ed.
260 ## - PUBLICACION, DISTRIBUCION, ETC. (PIE DE IMPRENTA) [R]
Lugar de publicación, distribución, etc. [R] Barcelona (España)
Nombre del editor, distribuidor, etc. [R] Masson
Fecha de publicación, distribución, etc. [R] 2001
300 ## - DESCRIPCION FISICA [R]
Extensión [R] xxi, 421 páginas
Otros detalles físicos [NR] ilustraciones, tablas, cuadros
504 ## - NOTA DE BIBLIOGRAFIA, ETC. [R]
Nota de bibliografía, etc. [NR]
650 04 - ASIENTO SECUNDARIO DE MATERIA - TERMINO TEMATICO [R]
Término temático o nombre geográfico como elemento de entrada [NR] Lenguaje de los niños
9 (RLIN) 18361
650 04 - ASIENTO SECUNDARIO DE MATERIA - TERMINO TEMATICO [R]
Término temático o nombre geográfico como elemento de entrada [NR] Lenguaje
Subdivisión general [R] Patología
9 (RLIN) 18359
650 04 - ASIENTO SECUNDARIO DE MATERIA - TERMINO TEMATICO [R]
Término temático o nombre geográfico como elemento de entrada [NR] Neurología
9 (RLIN) 20299
650 04 - ASIENTO SECUNDARIO DE MATERIA - TERMINO TEMATICO [R]
Término temático o nombre geográfico como elemento de entrada [NR] Niños
Subdivisión de forma [R] Vocabulario
9 (RLIN) 127
650 04 - ASIENTO SECUNDARIO DE MATERIA - TERMINO TEMATICO [R]
Término temático o nombre geográfico como elemento de entrada [NR] Trastornos del habla
9 (RLIN) 25777
650 04 - ASIENTO SECUNDARIO DE MATERIA - TERMINO TEMATICO [R]
Término temático o nombre geográfico como elemento de entrada [NR] Trastornos del lenguaje
9 (RLIN) 414
700 1# - ASIENTO SECUNDARIO - NOMBRE PERSONAL [R]
Nombre personal [NR] Chevrie-Muller, Claude
9 (RLIN) 154711
942 ## - ELEMENTOS DE ENTRADA AGREGADOS (KOHA)
Tipo de ítem principal el descrito en 300a Libro
Tema principal Medicina
Edición 2
Parte restante de la signatura top. N218e
Sistema de clasificación NLM
Clasificación WL 340.2
Título oculto en OPAC No
Existencias
Fecha de último préstamo Total préstamos Total Renewals Signatura topográfica Código de barras Última vez visto Volúmen / Fascículo Ejemplar Price effective from Tipo de ítem Perdido Sistema de clasificación Dañado No prestable Tipo de ítem específico Suprimido Ubicación habitual Ubicación actual Localización Fecha de creación Forma de adquisición Costo
27/01/2026 158 32 WL 340.2 N218e 200015638 28/01/2026 2a. Ed. Ej.3 03/02/2013 Libro   NLM     Libro   Quinta de Mutis Quinta de Mutis 2do piso 08/02/2008 Compra 222750.00
04/10/2023 159 25 WL 340.2 N218e 200015862 11/12/2025 2a. Ed. Ej.4 03/02/2013 Libro   NLM     Libro   Quinta de Mutis Quinta de Mutis 2do piso 08/02/2008 Compra 222750.00
25/01/2018 17   WL 340.2 N218e 200009933 11/12/2025 2a. Ed. Ej.1 03/02/2013 Libro de reserva   NLM     Libro de reserva   Quinta de Mutis Quinta de Mutis 2do piso 28/02/2004 Compra 230000.00
04/10/2023 176 8 WL 340.2 N218e 200011350 11/12/2025 2a. Ed. Ej.2 03/02/2013 Libro   NLM     Libro   Quinta de Mutis Quinta de Mutis 2do piso 28/02/2005 Compra 190900.00